Геохимия подземных вод зоны активного водообмена горноскладчатых областей (на примере Забайкалья): диссертация на соискание ученой степени доктора геолого-минералогических наук

Xehetasun bibliografikoak
Egile nagusia: Плюснин А. М. Алексей Максимович
Erakunde egilea: Российская академия наук (РАН) Сибирское отделение (СО) Бурятский геологический институт (БГИ)
Hizkuntza:errusiera
Argitaratua: Улан-Удэ, 2001
Gaiak:
Formatua: Liburua
KOHA link:https://koha.lib.tpu.ru/cgi-bin/koha/opac-detail.pl?biblionumber=31261

MARC

LEADER 00000nbm0a2200000 4500
001 31261
005 20231030204410.0
035 |a (RuTPU)RU\TPU\book\31538 
035 |a BOOK00031617 
090 |a 31261 
100 |a 20011209d2000 k y0rusy50 ca 
101 0 |a rus 
102 |a RU 
105 |a a m 001zy 
200 1 |a Геохимия подземных вод зоны активного водообмена горноскладчатых областей (на примере Забайкалья)  |e диссертация на соискание ученой степени доктора геолого-минералогических наук  |f А. М. Плюснин  |g Сибирское отделение РАН; Геологический институт 
210 |a Улан-Удэ  |d 2001 
215 |a 348 л.  |c ил. 
320 |a Библиогр.: с. 330-348. 
610 1 |a гидрогеология 
610 1 |a воды подземные 
610 1 |a геохимия 
610 1 |a водообмен 
610 1 |a Забайкалье 
610 1 |a гидрогеохимические поля 
610 1 |a рудные месторождения 
610 1 |a диссертации 
675 |a 556.314(04)  |v 3 
700 1 |a Плюснин  |b А. М.  |g Алексей Максимович 
712 0 2 |a Российская академия наук (РАН)  |b Сибирское отделение (СО)  |b Бурятский геологический институт (БГИ)  |c (Улан-Удэ)  |2 stltpush  |3 (RuTPU)RU\TPU\col\182 
801 0 |a RU  |b 63413507  |c 20011209  |g PSBO 
801 2 |a RU  |b 63413507  |c 20151119  |g PSBO 
942 |c BK